| 000 | 00737nam a2200181Ia 4500 | ||
|---|---|---|---|
| 008 | 100920s9999 xx 000 0 und d | ||
| 082 |
_b97638 _a320 थ 60 |
||
| 100 | _aसहस्त्रबुध्दे व. गो. | ||
| 245 | _aदेशोदेशांचा आर्थिक विकास. | ||
| 260 |
_bअनाथ विद्यार्थी गृह प्रकाशन, पुणे. _c1960 |
||
| 300 |
_a270 _bसाधी |
||
| 365 | _b7.5 | ||
| 520 | _aराजकारण. | ||
| 630 | _aदेशोदेशांचा आर्थिक विकास. | ||
| 650 | _aराजकारण. | ||
| 730 | _aदेशोदेशांचा आर्थिक विकास. | ||
| 942 | _cBOOK | ||
| 999 |
_c738076 _d738073 |
||